000 00630nam a2200181Ia 4500
008 100920s9999 xx 000 0 und d
082 _b22025
_a891.464 0
100 _aबुवा वि.आ.
245 _aकशासाठी पैशासाठी.
260 _bभारतीय प्रकाशन मंदिर गिरगांव, मुंबई.
_c0
300 _a98
_bसाधी
365 _b4
520 _aनिबंध.
630 _aकशासाठी पैशासाठी.
650 _aनिबंध.
730 _aकशासाठी पैशासाठी.
942 _cBOOK
999 _c681752
_d681749